LEADER 03713nam 2200721Ia 450 001 9910464269503321 005 20220210194044.0 010 $a1-282-77240-6 010 $a9786612772405 010 $a0-520-94217-5 024 7 $a10.1525/9780520942172 035 $a(CKB)3390000000006989 035 $a(EBL)815689 035 $a(OCoLC)772844515 035 $a(SSID)ssj0000444675 035 $a(PQKBManifestationID)11925864 035 $a(PQKBTitleCode)TC0000444675 035 $a(PQKBWorkID)10481373 035 $a(PQKB)11275570 035 $a(MiAaPQ)EBC815689 035 $a(OCoLC)670278180 035 $a(MdBmJHUP)muse30320 035 $a(DE-B1597)518905 035 $a(OCoLC)1110713693 035 $a(DE-B1597)9780520942172 035 $a(Au-PeEL)EBL815689 035 $a(CaPaEBR)ebr10675771 035 $a(CaONFJC)MIL277240 035 $a(EXLCZ)993390000000006989 100 $a20080606d2009 ub 0 101 0 $aeng 135 $aurnn#---|u||u 181 $ctxt 182 $cc 183 $acr 200 10$aWhat kind of liberation?$b[electronic resource] $ewomen and the occupation of Iraq /$fNadje Al-Ali and Nicola Pratt ; foreword by Cynthia Enloe 210 $aBerkeley $cUniversity of California Press$dc2009 215 $a1 online resource (257 p.) 300 $aDescription based upon print version of record. 311 0 $a0-520-25729-4 311 0 $a0-520-26581-5 320 $aIncludes bibliographical references (p. 187-206) and index. 327 $tFront matter --$tContents --$tForeword --$tAcknowledgments --$tAcronyms --$tINTRODUCTION --$tONE. IRAQI WOMEN BEFORE THE INVASION --$tTWO. THE USE AND ABUSE OF IRAQI WOMEN --$tTHREE. ENGENDERING THE NEW IRAQI STATE --$tFOUR. THE IRAQI WOMEN'S MOVEMENT --$tFIVE. TOWARD A FEMINIST AND ANTI - IMPERIAL IST POLITICS OF PEACE --$tNotes --$tBibliography --$tIndex 330 $aIn the run-up to war in Iraq, the Bush administration assured the world that America's interest was in liberation-especially for women. The first book to examine how Iraqi women have fared since the invasion, What Kind of Liberation? reports from the heart of the war zone with dire news of scarce resources, growing unemployment, violence, and seclusion. Moreover, the book exposes the gap between rhetoric that placed women center stage and the present reality of their diminishing roles in the "new Iraq." Based on interviews with Iraqi women's rights activists, international policy makers, and NGO workers and illustrated with photographs taken by Iraqi women, What Kind of Liberation? speaks through an astonishing array of voices. Nadje Al-Ali and Nicola Pratt correct the widespread view that the country's violence, sectarianism, and systematic erosion of women's rights come from something inherent in Muslim, Middle Eastern, or Iraqi culture. They also demonstrate how in spite of competing political agendas, Iraqi women activists are resolutely pressing to be part of the political transition, reconstruction, and shaping of the new Iraq. 606 $aWomen$zIraq$xSocial conditions 606 $aWomen's rights$zIraq 606 $aWomen in politics$zIraq 606 $aIraq War, 2003-2011$xWomen 608 $aElectronic books. 615 0$aWomen$xSocial conditions. 615 0$aWomen's rights 615 0$aWomen in politics 615 0$aIraq War, 2003-2011$xWomen. 676 $a305.48/8927567090511 700 $aAl-Ali$b Nadje Sadig$0673337 701 $aPratt$b Nicola Christine$0886795 801 0$bMiAaPQ 801 1$bMiAaPQ 801 2$bMiAaPQ 906 $aBOOK 912 $a9910464269503321 996 $aWhat kind of liberation$92458428 997 $aUNINA LEADER 02586 am 2200481 n 450 001 9910720557303321 005 20200409 010 $a2-7283-1448-9 010 $a2-7283-1447-0 024 7 $a10.4000/books.efr.7717 035 $a(CKB)4540000000000323 035 $a(FrMaCLE)OB-efr-7717 035 $a(PPN)254698794 035 $a(EXLCZ)994540000000000323 100 $a20210302j|||||||| ||| 0 101 0 $afre 135 $auu||||||m|||| 200 12$a« Sous les pas des frères » $eLes sépultures de papes et de cardinaux chez les Mendiants au XIIIe siècle /$fHaude Morvan 210 $aRome $cPublications de l?École française de Rome$d2020 215 $a1 online resource (316 p.) 330 $aCe livre aborde l?art funéraire du XIIIe siècle par un biais original. Il s?intéresse à la manière dont les Frères Prêcheurs et Mineurs ont traité les sépultures de papes et de cardinaux dans leur discours, à la fois littéraire et monumental, entre 1250 et 1304. L?analyse des tombes de prélats situées dans des églises mendiantes, réparties entre l?Italie et la France, révèle une intervention des frères dans les choix d?emplacement, de forme et d?iconographie. Il ressort ainsi de l?enquête que les Frères Prêcheurs ont eu une politique de leur espace davantage planifiée que les Frères Mineurs, puisqu?ils n?acceptèrent dans le ch?ur de leurs églises que les sépultures de prélats appartenant à l?ordre, surmontées d?une plate-tombe. De leur côté, les Frères Mineurs ont construit un discours original sur leur rôle dans l?accompagnement des mourants, à la fois dans l?iconographie et dans la littérature homilétique. Enfin, ce livre accorde une place importante aux procédés mis en ?uvre par les mendiants pour « créer » des saints parmi les prélats qui étaient issus de l?ordre ou qui en étaient des bienfaiteurs. 517 $a"Sous les pas des frères" 517 $aSous les pas des frères 606 $aArt 606 $aHistory 606 $acardinaux 606 $asépulture 606 $aMonuments funéraires médiévaux 606 $aXIIIe siècle 606 $a14th century 615 4$aArt 615 4$aHistory 615 4$acardinaux 615 4$asépulture 615 4$aMonuments funéraires médiévaux 615 4$aXIIIe siècle 615 4$a14th century 700 $aMorvan$b Haude$01223616 801 0$bFR-FrMaCLE 906 $aBOOK 912 $a9910720557303321 996 $aSous les pas des frères$92839365 997 $aUNINA